[Event "Morbihan-ch 1213"]
[Site "France"]
[Date "2013.02.23"]
[Round "5"]
[White "Kerriou, Jean Rene"]
[Black "Potier, Pierre"]
[Result "0-1"]
[WhiteElo "1499"]
[BlackElo "1648"]
[PlyCount "56"]
[EventDate "2012.10.27"]
[EventType "swiss"]
[EventRounds "7"]
[EventCountry "FRA"]
[SourceTitle "EXT 2014"]
[Source "ChessBase"]
[SourceDate "2013.11.20"]
[SourceVersion "1"]
[SourceVersionDate "2013.11.20"]
[SourceQuality "1"]

1. d4 d5 2. c4 dxc4 3. e4 c5 4. d5 Nf6 5. Nc3 e6 6. Bxc4 Be7 7. Nf3 a6 8. a3 b5 9. Bb3 c4 10. Bc2 Qb6 11. 0-0 Bb7 12. Be3 Bc5 13. dxe6 fxe6 14. Bxc5 Qxc5 15. Qd2 Nbd7 16. Qg5 0-0 17. Rfd1 h6 18. Qg3 e5 19. Rd2 Rf7 20. Nh4 Nh5 21. Qg4 Ndf6 22. Qd1 Nf4 23. Rd8+ Kh7 24. Rxa8 Bxa8 25. Nf5 g6 26. Qd6 Qxd6 27. Nxd6 Rd7 28. Nc8 Rd2 0-1

[Event "Morbihan-ch 1213"]
[Site "France"]
[Date "2012.12.15"]
[Round "3"]
[White "Peyre, Jean Jacques"]
[Black "Kerriou, Jean Rene"]
[Result "1-0"]
[WhiteElo "1672"]
[BlackElo "1499"]
[PlyCount "91"]
[EventDate "2012.10.27"]
[EventType "swiss"]
[EventRounds "7"]
[EventCountry "FRA"]
[SourceTitle "EXT 2014"]
[Source "ChessBase"]
[SourceDate "2013.11.20"]
[SourceVersion "1"]
[SourceVersionDate "2013.11.20"]
[SourceQuality "1"]

1. c4 Nf6 2. Nc3 e6 3. Nf3 Nc6 4. g3 b6 5. Bg2 Bb7 6. 0-0 Rb8 7. d3 Be7 8. e4 e5 9. a3 0-0 10. b4 d6 11. Bb2 Nd4 12. Nxd4 exd4 13. Ne2 c5 14. b5 Nd7 15. Nf4 Re8 16. Ra2 Nf8 17. Bc1 Bg5 18. Ne2 Bxc1 19. Qxc1 Ng6 20. f4 Qc8 21. f5 Ne5 22. Qd1 f6 23. Nf4 Nxc4 24. dxc4 Bxe4 25. Bxe4 Rxe4 26. Nd5 Qd7 27. Raf2 Rbe8 28. Rf4 Re2 29. Rg4 Qb7 30. Nxf6+ Kh8 31. Nd5 Ra2 32. Rgf4 Ree2 33. R4f2 Rxf2 34. Rxf2 Rxf2 35. Kxf2 Qf7 36. g4 Qf8 37. Qe2 Qf7 38. Qe7 Qxe7 39. Nxe7 h6 40. Nc8 d5 41. cxd5 c4 42. d6 c3 43. d7 c2 44. d8Q+ Kh7 45. Qc7 d3 46. Ke1 1-0